Culture Générale - Série 2586 - Statistiques

Statistiques générales
  • Ce quiz a été pris 77 fois
  • Le résultat moyen est 2 sur 10
Statistiques - réponses
Question Réponse % Correct
Quelle course à la voile autour du monde, en solitaire ,sans escale et sans assistance démarre aux Sables d'Olonne ? Vendée Globe
76%
Faculté d'agir librement, indépendance - 9 lettres commençant par " a " autonomie
34%
Dans quel département français se situe le plateau de la Dombes ? Ain
26%
Qui a écrit "Aimez-vous Brahms" en 1959 ? prénom et nom Françoise Sagan
23%
Débroussailler (un terrain boisé) par arrachage ou brûlage - 8 lettres commençant par " e " essarter
17%
Dans quelle ville se déroule chaque année le festival international du film d'animation ? Annecy
16%
Grand cimetière présentant des monuments funéraires. nécropole
14%
Amas de débris minéraux transporté et déposé par un glacier moraine
10%
Qui a écrit "Lève- toi et marche" en 1952 ? prénom et nom Hervé Bazin
6%
Oiseau palmipède, migrateur, voisin du canard - Viande maigre sur l'os de l'épaule du bœuf macreuse
6%
Aucun quiz correspondant
Distribution des résultats
% des personnes avec chaque résultat
Percentile par nombre de réponses
Votre historique - résultats
Vous n’avez pas pris ce quiz